000 00518nam a2200193 a 4500
001 1777027203967
003 YourLibrary
005 20260424161209.0
008 260424s2004##################000#0#eng##
020 _a9789041122537
082 0 4 _a344.0189BLA
100 1 _aAmeglio, Eduardo J.,
_eauthor.
245 1 0 _aThe Actors of Collective Bargaining :
260 _bKluwer Law International B.V.,
_c2004.
300 _a366 pages
650 0 _aLaw.
942 _cENGLISH
040 _aYourLibrary
_beng
_cYourLibrary
999 _c619898
_d619898